01007nam a2200217 a 4500001001000000003000500010005001700015008004100032010001100073011001100084040000900095100003800104245024200142260004100384500006000425502011100485650003000596650004800626650004500674856007000719000113210CHAP20220329144343.0170517s2016 mx a fsm |||||||spa d a109671 a110643 cCHAP1 aDíaz Ceniceros, Huizar Leonardo10aControl químico de la roya lineal amarilla (Puccinia striiformis f. sp. tritici) en diferentes etapas de desarrollo de trigo (Triticum eastivum L.) en Terrenate, Tlaxcala, México /h[En línea]cpor Huizar Leonardo Díaz Ceniceros. aChapingo, Méx. :bEl autor,c2016. aPara ver el contenido del material haga clic en la liga aTesis (Ing. Agr. Esp. en Parasitología Agrícola) -- UACH. Departamento de Parasítología Agrícola14aFungicidasxAplicación.14aFungicidasxEfecto en Puccinia striiformis.14aTrigoxEnfermedades por hongosxControl. aFinding aiduhttp://10.13.5.2/tesis/sist113210.pdfzTeclea aquí